000
00290nam a2200109Ia 4500
005
20251222152639.0
008
251222s9999||||xx |||||||||||||| ||spa||
082
_a
370.1/U61
100
_a
Marrou Roldán, Aurora
245
0
_a
Historia de la Educación Peruana y Latinoamericana
942
_c
LIB
999
_c
28035
_d
28035